| 000 | 00493nam a2200169 i 4500 | ||
|---|---|---|---|
| 001 | 47074 | ||
| 003 | ES-MaACL | ||
| 005 | 20250826062848.0 | ||
| 007 | t| | ||
| 008 | 030403s1972 sp ||||1| spa d | ||
| 245 | 0 | 0 |
_aContrato de trabajo _b: Ley... 26 de enero de 1944. |
| 260 |
_aMadrid : _bSegura, _c[1972] |
||
| 300 |
_a132 p. ; _c15 cm. |
||
| 650 | 7 |
_aContratos de trabajo- _xDerecho y legislación _zEspaña _2 _9169527 |
|
| 852 |
_aES-MaACL _jC-47707 _bR.81055 |
||
| 999 |
_c47074 _d47074 |
||